00288nam a22001217a 4500003000400000082001800004100001600022245004300038260004400081300000700125650001700132653001700149SGT a617.643bE21R aRao, Ankita aEvaluation of TMJ Morphology and..... aGurugram, HaryanabSGT Universityc2021 a95 aOrthodontics aOrthodontics